|
|
|
|
| LEADER |
01684nam a2200457 a 4500 |
| 001 |
nkc20071783014 |
| 003 |
CZ PrNK |
| 005 |
20080303155804.0 |
| 007 |
ta |
| 008 |
071212s2007 xr ab e p 000 0 cze |
| 015 |
|
|
|a cnb001783014
|
| 020 |
|
|
|a 978-80-245-1252-5
|q (brož.) :
|c Kč 138,00
|
| 035 |
|
|
|a (OCoLC)228501626
|
| 040 |
|
|
|a OLA001
|b cze
|d ABA001
|
| 043 |
|
|
|a e-xr---
|
| 072 |
|
7 |
|a 338.3/.4
|x Hospodářská a výrobní odvětví
|2 Konspekt
|9 4
|
| 072 |
|
7 |
|a 37.016
|x Učební osnovy. Vyučovací předměty. Učebnice
|2 Konspekt
|9 22
|
| 080 |
|
|
|a 338.48
|2 MRF
|
| 080 |
|
|
|a (437.3)
|2 MRF
|
| 080 |
|
|
|a (075.8)
|2 MRF
|
| 100 |
1 |
|
|a Indrová, Jarmila
|7 mzk2004265371
|4 aut
|
| 245 |
1 |
0 |
|a Cestovní ruch :
|b (základy) /
|c Jarmila Indrová a kol.
|
| 250 |
|
|
|a Vyd. 1.
|
| 260 |
|
|
|a Praha :
|b Oeconomica,
|c 2007
|
| 300 |
|
|
|a 119 s. :
|b il., mapy ;
|c 30 cm
|
| 500 |
|
|
|a Nad názvem: Vysoká škola ekonomická v Praze, Fakulta podnikohospodářská
|
| 500 |
|
|
|a 300 výt.
|
| 504 |
|
|
|a Obsahuje bibliografie a bibliografické odkazy
|
| 550 |
|
|
|a Vydavatel: Vysoká škola ekonomická v Praze
|
| 650 |
0 |
7 |
|a cestovní ruch
|7 ph119113
|2 czenas
|
| 650 |
0 |
7 |
|a cestovní ruch
|7 ph119113
|z Česko
|2 czenas
|
| 650 |
0 |
9 |
|a tourism
|2 eczenas
|
| 650 |
0 |
9 |
|a tourism
|z Czechia
|2 eczenas
|
| 655 |
|
7 |
|a učebnice vysokých škol
|7 fd133772
|2 czenas
|
| 655 |
|
9 |
|a textbooks (higher)
|2 eczenas
|
| 710 |
2 |
|
|a Vysoká škola ekonomická v Praze.
|b Podnikohospodářská fakulta
|7 kn20010709402
|
| 910 |
2 |
|
|a BOA001
|b 3-1195.946
|
| 990 |
|
|
|a BK
|
| 995 |
|
|
|a 01
|
| 991 |
|
|
|b 200801
|c NOV
|
| 996 |
6 |
|
|b 2610329299
|c 3-1195.946
|l MZK
|r Sklad / do 1 hodiny
|n 25
|p p.v.
|w 000879617
|u 000010
|a 1
|e BOA001
|j MZK50
|s P
|